000 00328nam a2200145Ia 4500
003 OSt
005 20240209152706.0
008 170524s9999 xx 000 0 und d
020 _a8180542262
040 _ciimtu meerut
100 _aSWARUP- K
245 0 _aOPERATION RESEARCH
260 _bGALGOTIA PUB. HOUSE
942 _2ddc
_c02
999 _c8044
_d8044